000 02876cam a22005174i 4500
003 PE-LiUPU
005 20250731172918.0
008 150617s1993 pe rb 000 0 spa d
035 _a(Sirsi) a19010
040 _aPE-LiUPU
_bspa
_cPE-LiUPU
_erda
049 _aPRUA
082 0 4 _a282.091803
_bR21
_221
245 0 0 _aCatolicismo y extirpación de las idolatrías :
_bSiglos XVI - XVIII, Charcas, Chile, México, Perú.
264 1 _aCusco :
_bCentro de estudios regionales andinos "Bartolomé de las Casas",
_c1993.
300 _a428 páginas ;
_c21 centímetros.
336 _atext
_2rdacontent
337 _aunmediated
_2rdamedia
338 _avolume
_2rdacarrier
490 1 _aCuadernos para la historia de la evangelización en América Latina ;
_v5
504 _aNotas bibliográficas.
505 0 _aIdolos, figuras, imágenes -- La representación como dicurso ideológico -- La idolatría, símbolo de America en Calderón de la Barca -- Experiencias evangelizadoras en los Andes en el siglo XVI -- Idolatrías en Charcas (1560-1620) -- Indice de la sección hechicerías e idolatrías del archivo Arzobispal de Lima -- Política eclesiástica y extirpación de idolatrías -- La carrera de un visitador de idolatrías en el siglo XVII -- Apuntes para una biografía del bachiller Rodrigo Hernández Principe, extirpador de idolatrías -- Angela Carranza, alias Angela de Dios -- Cabildo secular, justicia y doctrina en la reducción de cataguasi (1609-1616) -- Un proceso de estirpación de idolatrías en Atacama, siglo XVII -- Iglesia, cultura y represión entre los zoques de Chiapas en el siglo XV.
526 _aSEG42
526 _aSEG41
526 _aSEG40
526 _aSEG39
526 _aP94
526 _aP87
526 _aP86
526 _aP85
526 _aP77
526 _aP76
526 _aP35
610 2 _aIglesia Católica
_xImágenes e ídolos
_xHistoria
_ySiglo XVI-XVIII.
700 1 _aHenrique, Urbano,
_ecompáginas.
700 1 _aRamos, Gabriela,
_ecompáginas
910 _ajck
_bjvq
_cjck
_d20150616
942 _2ddc
_cBOOK
949 _a282.091803 R21
_wDEWEY
_c1
_i38555
_lCCODEBUL1
_mBUL
_p90
_r0
_sY
_tBOOK
_u19930523
_xTEOLOGIA
_PP35
_0COMPRA
_o.STAFF. Colección Teología
949 _a282.091803 R21
_wDEWEY
_c2
_i33863
_lCCODEBUL1
_mBUL
_p90
_r0
_sY
_tBOOK
_u2015-04-22
_xTEOLOGIA
_PP35
_0COMPRA
_o.STAFF. Colección Teología
994 _aC0
_bPEPRU
596 _a1
999 _a282.091803 R21
_wDEWEY
_c18766
_i38555
_f2021-11-11
_g6
_lCCODEBUL1
_mBUL
_p90.00
_r0
_sY
_tBOOK
_u2015-6-17
_xTEOLOGIA
_PP35
_0COMPRA
_o.STAFF. Colección Teología
_d18766
999 _a282.091803 R21
_wDEWEY
_c2
_i33863
_f2021-11-11
_g5
_lCCODEBUL1
_mBUL
_p90.00
_r0
_sY
_tBOOK
_u2015-4-22
_xTEOLOGIA
_PP35
_0COMPRA
_o.STAFF. Colección Teología
980 _81
_gALBERTO SANCHEZ Responsable de Automatización